Socio-Economic Implications of Protecting Handicrafts Through Geographical Indications : (Record no. 20327)
[ view plain ]
| 000 -LEADER | |
|---|---|
| fixed length control field | 00531nam a2200121Ia 4500 |
| 082 ## - DEWEY DECIMAL CLASSIFICATION NUMBER | |
| Classification number | RL.0042 |
| 100 ## - MAIN ENTRY--AUTHOR NAME | |
| Personal name | Lalitha, N. |
| Affiliation | Gujarat Institute of Development Research |
| Place | Ahmedabad |
| 245 #0 - TITLE STATEMENT | |
| Title | Socio-Economic Implications of Protecting Handicrafts Through Geographical Indications : |
| Sub Title | A Case Study of Selected Products from Southern States |
| 260 ## - PUBLICATION, DISTRIBUTION, ETC. (IMPRINT) | |
| Year of publication | 2014 |
| Name of publisher/Sponsor | Indian Council of Social Science Research |
| Place of publication | New Delhi |
| 300 ## - PHYSICAL DESCRIPTION | |
| Number of Pages | vii, 124p |
| 650 ## - SUBJECT ADDED ENTRY--TOPICAL TERM | |
| Topical Term | Handicraft Arts |
| Form subdivision | Socio-Economic Condition |
| -- | Geographical Indication |
| 942 ## - ADDED ENTRY ELEMENTS (KOHA) | |
| Koha item type | Research Reports |
| Source of classification or shelving scheme | Dewey Decimal Classification |
| Withdrawn status | Lost status | Damaged status | Not for loan | Collection code | Home library | Current library | Date acquired | Source of acquisition | Bill Date | Full call number | Accession Number | Price effective from | Koha item type |
|---|---|---|---|---|---|---|---|---|---|---|---|---|---|
| Not For Loan | ICSSR Research Project Reports | NASSDOC Library | NASSDOC Library | 11/10/2017 | Gifted by : RP Division, ICSSR | 2017-10-09 | RL.0042 | 49427 | 18/04/2019 | Research Reports |
